L'impact des transferts intergénérationnels reçus sur le logement (notice n° 1647481)

détails MARC
000 -LEADER
fixed length control field 02574cam a2200181 4500500
005 - DATE AND TIME OF LATEST TRANSACTION
control field 20260208003245.0
041 ## - LANGUAGE CODE
Language code of text/sound track or separate title fre
042 ## - AUTHENTICATION CODE
Authentication code dc
100 10 - MAIN ENTRY--PERSONAL NAME
Personal name Wolff, François-Charles
Relator term author
245 00 - TITLE STATEMENT
Title L'impact des transferts intergénérationnels reçus sur le logement
260 ## - PUBLICATION, DISTRIBUTION, ETC.
Date of publication, distribution, etc. 2005.<br/>
500 ## - GENERAL NOTE
General note 91
520 ## - SUMMARY, ETC.
Summary, etc. RésuméLes transferts intergénérationnels reçus des parents, qu’ils soient sous forme d’aides ponctuelles, de donations ou bien d’héritages, ont une influence très significative sur le niveau de vie des bénéficiaires. Nous proposons ici une mesure des conséquences de ces dons d’argent sur le logement des jeunes adultes. L’étude est réalisée à partir des données de l’enquête « Actifs Financiers »menée en 1992 en France, qui comporte une information très détaillée sur l’historique des transferts familiaux reçus. Elle révèle que, dans la plupart des cas, les transmissions servent au financement du logement principal ou secondaire des bénéficiaires. Les résultats de l’analyse économétrique montrent que les transferts reçus augmentent sensiblement la probabilité d’être propriétaire de sa résidence principale ou d’une résidence secondaire à âge donné. Ils réduisent aussi le temps d’épargne nécessaire pour accéder à la propriété et accroissent la valeur du logement possédé.
520 ## - SUMMARY, ETC.
Summary, etc. Intergenerational transfers received from parents, whether it is in the form of regular aid, donations or even inheritance, have a very significant impact on the recipients’ lifestyle. We propose here to measure the consequences of these monetary gifts on the housing of young adults. The study was carried out based on data from the Financial Assets survey carried out in 1992 in France, which comprises very detailed information on the history of received family transfers. It reveals that, in most cases, these transmissions are used for financing the recipient’s primary or secondary home. The results of the econometric analysis show that the received transfers noticeably increase the probability of becoming an owner of their primary or secondary home at a certain age. They also reduce the time needed to save up the money required to attain the property and increase the value of owned property.
700 10 - ADDED ENTRY--PERSONAL NAME
Personal name Attias-Donfut, Claudine
Relator term author
786 0# - DATA SOURCE ENTRY
Note Revue française des affaires sociales | - | 4 | 2005-12-01 | p. 133-159 | 0035-2985
856 41 - ELECTRONIC LOCATION AND ACCESS
Uniform Resource Identifier <a href="https://shs.cairn.info/revue-francaise-des-affaires-sociales-2005-4-page-133?lang=fr&redirect-ssocas=7080">https://shs.cairn.info/revue-francaise-des-affaires-sociales-2005-4-page-133?lang=fr&redirect-ssocas=7080</a>

Pas d'exemplaire disponible.

PLUDOC

PLUDOC est la plateforme unique et centralisée de gestion des bibliothèques physiques et numériques de Guinée administré par le CEDUST. Elle est la plus grande base de données de ressources documentaires pour les Étudiants, Enseignants chercheurs et Chercheurs de Guinée.

Adresse

627 919 101/664 919 101

25 boulevard du commerce
Kaloum, Conakry, Guinée

Réseaux sociaux

Powered by Netsen Group @ 2025